[Event "ROM-ch U08"]
[Site "Calimanesti"]
[Date "2013.04.05"]
[Round "6"]
[White "Verzotti, Matteo Alexandru"]
[Black "Pavaluc, Robert Nicolae"]
[Result "0-1"]
[WhiteElo "1261"]
[BlackElo "1248"]
[PlyCount "172"]
[EventDate "2013.04.02"]
[EventType "swiss"]
[EventRounds "9"]
[EventCountry "ROU"]
[SourceTitle "CBM 153 Extra"]
[Source "ChessBase"]
[SourceDate "2013.04.22"]
[SourceVersion "1"]
[SourceVersionDate "2013.04.22"]
[SourceQuality "1"]

1. e4 c5 2. Nc3 Nc6 3. Bb5 e6 4. d3 a6 5. Ba4 d5 6. exd5 exd5 7. Qe2+ Be6 8. Nf3 b5 9. Bb3 c4 10. dxc4 dxc4 11. Bxc4 bxc4 12. Ne5 Nxe5 13. Qxe5 Qf6 14. Qe4 Qd8 15. Qc6+ Bd7 16. Qxc4 Qe7+ 17. Be3 Qe6 18. Nd5 Bd6 19. Nb6 Qxc4 20. Nxc4 Be7 21. 0-0-0 Nf6 22. Nb6 Rb8 23. Rhe1 Kd8 24. Nxd7 Nxd7 25. Rd3 Bf6 26. c3 Re8 27. Red1 Rb7 28. Rd6 Ke7 29. Rxa6 Kf8 30. Rad6 Ne5 31. Bc5 Kg8 32. Bb6 Nc4 33. Rd7 Rxd7 34. Rxd7 Nxb6 35. Rb7 Bg5+ 36. Kc2 Nd5 37. a4 Ra8 38. a5 Bf6 39. a6 Be5 40. a7 Kf8 41. g3 g5 42. Kd3 Nf6 43. c4 Rd8+ 44. Kc2 Ng4 45. c5 Nf6 46. c6 Nd5 47. b4 Ra8 48. b5 Nb4+ 49. Kb3 Nd5 50. Ka4 Ke8 51. Ka5 Bc3+ 52. Ka6 Nb4+ 53. Kb6 Bd4+ 54. Ka5 Nxc6+ 55. bxc6 Rxa7+ 56. Rxa7 Bxa7 57. Ka6 Kd8 58. Kxa7 Kc7 59. Ka8 Kxc6 60. Kb8 Kd7 61. Kb7 Ke6 62. Kc6 Ke5 63. Kd7 f5 64. f3 Kd4 65. Ke6 f4 66. gxf4 gxf4 67. Kf5 Ke3 68. Kg4 h5+ 69. Kxh5 Kxf3 70. h4 Kg3 71. Kg5 f3 72. h5 f2 73. h6 f1Q 74. h7 Qf4+ 75. Kg6 Qf8 76. Kg5 Qg7+ 77. Kf5 Qxh7+ 78. Ke5 Qh4 79. Kd5 Qf4 80. Kc5 Kf3 81. Kb5 Qd4 82. Ka5 Qb2 83. Ka6 Ke4 84. Ka7 Kd5 85. Ka8 Kc6 86. Ka7 Qb7# 0-1